|
|
|
|
| LEADER |
00905nam a2200205 i 4500 |
| 003 |
GR-PaULI |
| 005 |
20220513135129.0 |
| 008 |
220513s19671968gw afo|g 000 1 ger d |
| 952 |
|
|
|0 0
|1 0
|2 ddc
|4 0
|6 914_923000000000000_52_KOO
|7 1
|9 359871
|a LISP
|b LISP
|c DON
|d 2022-05-13
|e ΨΥΧ
|i 255416
|l 0
|o 914.923 52 KOO
|p 025000289266
|r 2022-05-13 00:00:00
|t 1
|w 2022-05-13
|y BKN
|
| 999 |
|
|
|c 210347
|d 210347
|
| 040 |
|
|
|a GR-PaULI
|b gre
|c GR-PaULI
|e AACR2
|
| 082 |
0 |
4 |
|2 23
|a 914.923 52
|
| 100 |
1 |
|
|9 191769
|a Koot, Ton
|e συγγραφέας.
|
| 245 |
1 |
0 |
|a Amsterdam /
|c Ton Koot ; Übertragung aus dem Niederländischen von Heinz P. Kövari.
|
| 260 |
|
|
|a München :
|b Knorr & Hirth,
|c c1967.
|
| 300 |
|
|
|a 137 σ. :
|b εικ., (πίνακες) ;
|c 18 εκ.
|
| 500 |
|
|
|a Mit 48 Farbtafeln nach Aufnahmen von Frits J. Rotgans.
|
| 700 |
1 |
|
|9 191770
|a Rotgans, Frits J.
|e καλλιτέχνης.
|
| 942 |
|
|
|2 ddc
|c BK
|
| 998 |
|
|
|c Σαλαμούρα
|d 2022-05
|